000 00724 a2200217 4500
005 20260408073346.0
020 _a9780797455610
050 _aLB 885
_bSIY 2013
100 _aSiyakwazi, Ben John
_eAuthor
245 _aThe dawn of progressive teaching and learning in teacher education /
_cBen John Siyakwazi and Peggy Doris Fungai Siyakwazi
264 _aGweru,Zimbabwe:
_bBooklove Publishers,
_c2013
300 _a154 pages
336 _2rdacontent
_atext
_btxt
337 _2rdamedia
_aunmediated
_bn
338 _2rdacarrier
_avolume
_bnc
500 _aIncludes references
650 _aEducation
650 _aTeaching and learning
700 _aSiyakwazi, Peggy Doris Fungai
_eAuthor
942 _2lcc
_cBK
_h885
_iSIY
_kLB
999 _c1794
_d1794